Score 0/20 Timer 02:00
0 Plays Today
Title Missing Word % Correct
Bonnie and _____Clyde
95.4%
_____ Enemy LinesBehind
93.1%
No _____ OutWay
88.3%
Crimson _____Tide
84%
Wyatt _____Earp
80.1%
The _____ ConnectionFrench
79.6%
_____ of the StateEnemy
75.9%
The _____ TenenbaumsRoyal
72%
The Quick and the _____Dead
68.5%
Get _____Shorty
67.2%
Title Missing Word % Correct
Mississippi _____Burning
63.8%
_____ Frankenstein Young
61.5%
Postcards from the _____Edge
55.6%
_____ to MooseportWelcome
30.8%
The ______ AdventurePoseidon
29.8%
Runaway _____Jury
29.5%
_____ SuspicionUnder
29.2%
_____ PowerAbsolute
20.9%
Superman IV: The Quest for _____Peace
19.9%
_____: An American LegendGeronimo
8.1%

Today's Daily Dose

Missing Word
'T' Pairs

Word Ladder
Game Pieces

Get the Picture
Baseball Movies

Remove Ads.
Support Sporcle.
Get the best of Sporcle when you Go Orange. This ad-free experience offers more features, more stats, and more fun while also helping to support Sporcle. Thank you for becoming a member.

You're not logged in!

Compare scores with friends on all Sporcle quizzes.
OR
Log In

Show Comments

Extras

Top Quizzes Today


Score Distribution

Your Account Isn't Verified!

In order to create a playlist on Sporcle, you need to verify the email address you used during registration. Go to your Sporcle Settings to finish the process.

Report this User

Report this user for behavior that violates our Community Guidelines.

Details: